| 000 | 00594nam a2200205 a 4500 | ||
|---|---|---|---|
| 005 | 20210219153413.0 | ||
| 008 | 991125n 000 0 spa u | ||
| 035 | _aUPN01000097102 | ||
| 222 | _aESTUDIOS DE PSICOLOGIA | ||
| 245 | _aRelaciones de intimidad en la adolescencia : el papel de la expresividad y la instrumentalidad | ||
| 300 | _a55-64 | ||
| 362 | _a1998 No. 59 | ||
| 653 | 0 | _aADOLESCENCIA | |
| 653 | 0 | _aINTIMIDAD | |
| 653 | 0 | _aRELACIONES INTERPERSONALES | |
| 653 | 0 | _aSALAMANCA(ESPAÑA) | |
| 700 | _aFUERTES, Antonio, coaut. | ||
| 904 |
_aAC _b034913 |
||
| 905 | _aArticulo | ||
| 999 |
_c76026 _d76026 |
||